Malý princ

Bibliographic Details
Other Authors: Saint-Exupéry, Antoine de, 1900-1944 (Illustrator), Čintalová, Linda (Translator)
Format: Book
Language:Slovak
French
PhysicalDescription:95 s. ilustr. 17 cm
Published: Bratislava Gardenia Publishers 2012
ISBN:9788085662726 (viaz.)
Edition:6. vyd.
Subjects:

MARC

LEADER 00000nam a22000005a 4500
001 vtls010552536
003 SK-MaSNL
005 20260331210033.0
008 160430s2012 xo a g 000 j slo
015 |a SNBA2013/10 
020 |a 9788085662726 (viaz.) 
040 |a SNK  |b slo  |c SNK  |e AACR2 
041 1 |a slo  |h fre 
044 |a xo  |c SK 
072 7 |a 821.133.1-3  |x Francúzska próza, francúzsky písaná  |2 konspekt 
072 7 |a 821-93  |x Literatúra pre deti a mládež (beletria)  |2 konspekt 
080 |a 821.133.1-34  |2 2001 
080 |a 821-93  |2 2001 
100 1 |a Saint-Exupéry, Antoine de,  |d 1900-1944  |4 ill  |9 86073 
240 1 3 |a Le Petit prince  |l Slovensky 
245 1 0 |a Malý princ  |c Antoine Saint-Exupéry ; [z francúzskeho originálu preložila Linda Čintalová] 
250 |a 6. vyd. 
260 |a Bratislava  |b Gardenia Publishers  |c 2012 
300 |a 95 s.  |b ilustr.  |c 17 cm 
655 7 |a francúzske rozprávky  |2 SNKPH  |9 70645 
655 7 |a publikácie pre deti  |2 SNKPH  |9 70148 
655 7 |a French fairy tales  |2 SNKPHeng  |9 329618 
655 7 |a Children's literature  |2 SNKPHeng  |9 276039 
700 1 |a Čintalová, Linda  |4 trl  |9 547218 
919 |a 978-80-85662-72-6 
958 |a UP 
958 |a LX 
958 |a DB 
968 |b FR 
999 |c 840039  |d 841969 
952 |a SNK  |b SNK  |y PREZ  |7 0  |p 17A1091137  |o snkSD 82574  |i snk2013/25643  |8 0  |0 0  |1 0  |4 0  |d 2013-10-22  |l 0  |r 2025-12-04 00:00:00  |w 2026-02-24 
952 |a SNK  |b SNK  |y PREZ  |7 0  |p 17A1091138  |o snkSD 82574 D1  |i snk2013/25644  |8 0  |0 0  |1 0  |4 0  |d 2013-10-22  |l 0  |r 2026-02-24 04:07:57  |w 2026-02-24